000 00615nab a2200145 4500
003 ES-SlBCS
005 20210327231211.0
008 150210s2014 -cn||||| |||| 00| 0 fre d
040 _aES-SlBCS
_bspa
100 1 _aGagné, André
_945394
245 1 0 _aDes étranger issus du Royaume et de la lumière (EvTh 49-50)
_b: Les solitaires-élus das l'"Évangile selon Thomas", selon une approche intratextuelle
_cAndré Gagné
630 0 4 _aEvangelio de Tomás
_xCrítica e interpretación
_991931
773 0 _gVol. 70, Nº 1, 2014, págs. 105-117
_tLaval Théologique et Philosophique
_wRev251
_x0023-9054
942 _2lcc
_cAR
999 _c850842
_d850842